000 00308nam a22001457a 4500
008 210312b ||||| |||| 00| 0 eng d
020 _a9780817454272
041 _aeng
080 _a7
082 _a7
100 _a44
101 _aART
245 _aPhotographic Composition
_cGrill, T
942 _2udc
_cBK
999 _c56540
_d56540